|
|
|
|
| LEADER |
01268nam a22002537a 4500 |
| 001 |
41097 |
| 003 |
BD-DhAAL |
| 008 |
230411t2020 bg ||||| b||| 00| 0 ben d |
| 020 |
|
|
|a 9789848015483
|
| 040 |
|
|
|a BD-DhAAL
|c BD-DhAAL
|
| 041 |
|
|
|a ben
|
| 082 |
|
|
|a 330
|2 23
|
| 100 |
|
|
|a হাসান, মাহমুদ
|9 54044
|
| 245 |
|
|
|a সময় নাহি রে :
|b অর্থনৈতিক তত্ত্বের বিবর্তন ও মানব জানিত সংকট /
|c মাহমুদ হাসান.
|
| 246 |
|
|
|a Somoy nahi re :
|b orthonoitik totter biborton o manob jatir songkot
|
| 260 |
|
|
|a ঢাকা :
|b দ্যু প্রকাশন,
|c ২০২০.
|
| 300 |
|
|
|a ২২৭ পৃষ্ঠা ;
|c ২২ সে.মি.
|
| 504 |
|
|
|a গ্রন্থপঞ্জিগত নির্দেশিকা (পৃষ্ঠা ২১৯-২২৭) অন্তর্ভুক্ত।
|
| 541 |
|
|
|a Complimentary copy
|e 41097
|
| 650 |
|
|
|a Economics.
|
| 852 |
|
|
|a Ayesha Abed Library
|c General Stacks
|
| 942 |
|
|
|2 ddc
|c BK
|
| 999 |
|
|
|c 45668
|d 45668
|
| 952 |
|
|
|0 0
|1 0
|2 ddc
|4 0
|6 330_000000000000000_HAS
|7 0
|9 73539
|a BRACUL
|b BRACUL
|c GEN
|d 2023-04-11
|e Complimentary copy
|g 250.00
|l 1
|m 2
|o 330 HAS
|p 3010041097
|r 2024-03-18
|s 2024-02-24
|t 1
|w 2023-04-11
|y BK
|